Click a Chuck II Quiz Stats

 Plays Quiz Updated Jan 8, 2015

Score 0/18 Timer 03:00
0 Plays Today
% Correct
Dickens
97.5%
Brown
97%
Sheen
94.6%
Darwin
93.8%
Norris
93.1%
Berry
89.7%
Barkley
85.7%
Daniels
78%
Yeager
71.4%
% Correct
Atlas
70.7%
Lorre
68.6%
Woolery
66.5%
Day
60.7%
Chan
60.6%
Grodin
60%
Nelson Reilly
57.2%
Kuralt
54.7%
Connors
54.5%

You're not logged in!

Compare scores with friends on all Sporcle quizzes.
OR
Log In

Sporcle TV

Today on Sporcle TV


Watch our educational content, quiz creation guides, and fun videos on Sporcle TV.

Show Comments

Extras

Top Quizzes Today


Score Distribution

Your Account Isn't Verified!

In order to create a playlist on Sporcle, you need to verify the email address you used during registration. Go to your Sporcle Settings to finish the process.

Report this User

Report this user for behavior that violates our Community Guidelines.

Details: